Biodiversity of earthwoarms in the soils under rubber plantations in Tripura (Record no. 54765)

MARC details
000 -LEADER
fixed length control field 00574nam a2200217Ia 4500
100 ## - MAIN ENTRY--AUTHOR NAME
Personal name Chaudhuri P.S.
245 #0 - TITLE STATEMENT
Title Biodiversity of earthwoarms in the soils under rubber plantations in Tripura
260 ## - PUBLICATION, DISTRIBUTION, ETC. (IMPRINT)
Name of publisher Natural Rubber Research
Year of publication 2008
300 ## - PHYSICAL DESCRIPTION
Number of Pages 119-124
650 ## - SUBJECT ADDED ENTRY--TOPICAL TERM
Topical Term Biodiversity
650 ## - SUBJECT ADDED ENTRY--TOPICAL TERM
Topical Term Earthworms
650 ## - SUBJECT ADDED ENTRY--TOPICAL TERM
Topical Term Microarthropods
650 ## - SUBJECT ADDED ENTRY--TOPICAL TERM
Topical Term Monoculture
650 ## - SUBJECT ADDED ENTRY--TOPICAL TERM
Topical Term Nematodes
650 ## - SUBJECT ADDED ENTRY--TOPICAL TERM
Topical Term Rubber
700 ## - ADDED ENTRY--PERSONAL NAME
Personal name Bhattacharjee S.
700 ## - ADDED ENTRY--PERSONAL NAME
Personal name Chakraborti P.
700 ## - ADDED ENTRY--PERSONAL NAME
Personal name Nath S.
942 ## - ADDED ENTRY ELEMENTS (KOHA)
Koha item type Journals
Holdings
Withdrawn status Lost status Damaged status Not for loan Home library Current library Date acquired Serial Enumeration / chronology Koha item type
      Journals RRII Library RRII Library 03/02/2010 Volume 21, Issue 1&2 Journals